000 00518nam a22001937a 4500
003 KOHA_MİRAKIL
005 20240930101024.0
008 240929b2021 tu ||||| |||| 00| 0 tur d
020 _a9786057917058
040 _aTR-AnABB
_btur
_cTR-AnABB
041 _atur
082 _a956.1024
_bDEM 2021
100 _aDemir, Ahmet.
245 0 _aMustafa Kemal /
_cAhmet Demir.
260 _aİstanbul :
_bGüz Yayınları,
_c2021.
300 _a160 sayfa ;
_c20 cm.
650 _aTarih, Türkiye, Atatürk
942 _2ddc
_cBK
999 _c2535
_d2535